| 000 | 00655nam a2200181 a 4500 | ||
|---|---|---|---|
| 005 | 20220725142444.0 | ||
| 008 | 991125s1966 mx 000 0 spa u | ||
| 035 | _aUPN01000004236 | ||
| 049 | _aLT | ||
| 050 | 4 |
_aLB1653 M6.1 _bA2.2 LE |
|
| 100 | 1 | _aAbrego, Rufino D. | |
| 245 | 1 | 0 |
_aApuntes de geografía física y humana : _bcuaderno de trabajo / _cRufino D. Abrego. |
| 260 |
_aMéxico : _b[s.n.], _c1966. |
||
| 300 |
_a163 p. : _bil., mapas |
||
| 520 | _a"Para el primer año de las escuelas secundarias. Preparado con apego al texto del Prof. Luis Villarreal" | ||
| 650 | 4 |
_aGeografía física _xEstudio y enseñanza (Secundaria) _921662 |
|
| 905 | _aLibro | ||
| 999 |
_c4236 _d4236 |
||